000 00560nam a2200157 4500
999 _c16575
_d16575
008 220224b ||||| |||| 00| 0 eng d
022 _a0091-4169
082 _aDPer 364.05 J82 2010 vol. 100 no. 3
100 _aPinard, Michael.
_944140
245 _areflections and perspectives on reentry and collateral consequences/
_cMichael Pinard.
260 _aEvanston:
_bNorthwestern University Press,
_cc2010.
300 _av100 n3, pages 1213-1254:
_c25 cm.
500 _aThe Journal of Criminal and Criminology.
650 _aPrisoners.
_944011
942 _2ddc
_cPER